000 00633nam a2200229Ia 4500
003 GCL
008 140319s9999 xx 000 0 ara d
040 _aGCL /
_cGCL
082 0 4 _a370.1
_bل د
100 1 _aلطفى بركات
245 1 0 _aدراسات فى تطوير التعليم /
_cلطفى بركات
260 _a[S.N] :
_bدار المريخ للنشر
300 _a248 ص
490 _a
650 0 4 _aمصر
650 0 4 _aطرق البحث
650 0 4 _aالفلسفة
650 0 4 _aالتعليم
650 0 4 _aالتخطيط التربوى
650 0 4 _aالثقافة الذاتية
942 _2ddc
_cBK
999 _c58975
_d58975